Nadie pierde la guarda y custodia compartida aspectos jurd̕ico-procesales /

Detalles Bibliográficos
Autor principal: Espinosa de los Monteros, Roco̕ Zafra
Formato: eBook
Lenguaje:español
Publicado: Madrid: Dykinson, 2018
Materias:
Acceso en línea:Acceso restringido

MARC

LEADER 00000nam a22000007a 4500
005 2018112300250.0
007 cr|||| ||||
008 181123s2018 es |||||s|||| 00||0 spa d
020 |a 978-84-9148-839-2 
035 |a 22493 
040 |a vLex 
090 |c 8325  |d 8325 
100 1 |a Espinosa de los Monteros, Roco̕ Zafra 
245 1 0 |a Nadie pierde  |h [Recurso electrn̤ico] :  |b la guarda y custodia compartida aspectos jurd̕ico-procesales /  |c Roco̕ Zafra Espinosa de los Monteros 
256 |a Servicio en ln̕ea 
260 |a Madrid:  |b Dykinson,  |c 2018 
300 |a 1 recurso electrn̤ico 
500 |a Los conflictos de pareja suelen ser los ms̀ difc̕iles de afrontar debido a la carga emotiva que conllevan que hace complicada su gestin̤ adecuada. No obstante, este tipo de conflictos suele agravarse con la existencia de hijos. En cualquier caso, el interš superior del menor, debe prevalecer ante todo. Debe inspirar la actuacin̤ de los poderes pb︢licos y de las propias partes. La delicadeza con que debe ser tratado el tema parece que, en ocasiones, se diluye en las desavenencias entre los progenitores. Es evidente, que el cese de la convivencia de los progenitores e incluso la alta tensin̤ que este tipo de conflictos, genera en los menores de edad un grave impacto negativo en su desarrollo personal e intelectual. El desapego con uno de los progenitores puede provocar situaciones negativas en la normal evolucin̤ de los menores. Tradicionalmente, el cuidado de los hijos era encomendado a la madre en la mayora̕ de las ocasiones. Tras la reforma del derecho de familia, en 2005, la tendencia es la atribucin̤ compartida o alterna de la guarda y custodia. Sin embargo, la prc̀tica judicial, demuestra que no es la opcin̤ ms̀ utilizada pero s ̕es la ms̀ recomendable para la salvaguarda del interš superior del menor, en la mayora̕ de los supuestos. Cierto es que cada relacin̤ es diferente y que no podemos considerar una sola va̕, puesto que habr ̀que estar a las circunstancias concurrentes en el caso. Pero la custodia compartida, debe ser tenida en cuenta como una opcin̤ tan vl̀ida como cualquier otra. Con este estudio, se pretende potenciar la utilizacin̤ de este instrumento jurd̕ico que el derecho nos brinda y que aporta grandes beneficios a los progenitores y, sobre todo, a los hijos menores de edad. 
506 1 |a Disponible solo en los productos indicados  |d vLex Global  |d vLex Global (Academic Edition, excluding Law Schools)  |d vLex Global (U.S. Academic Edition, Law Schools)  |d vLex Global (U.S. Academic Edition, excluding Law Schools)  |d vLex Global (Academic Edition, Law Schools) 
650 0 4 |a Familia y Sucesiones  |z Espaą 
650 0 4 |a Procedimiento Civil  |z Espaą 
740 0 |a vLex Libros (Servicio en ln̕ea) 
856 4 0 |u http://vlex.com/source/nadie-pierde-la-guarda-y-custodia-compartida-aspectos-juridico-procesales-22493  |z Acceso restringido 
942 |c BOOK 
999 0 |a Family and Successions 
999 0 |a Civil Procedure